Rank Bundesliga Clubs by MVP awards - Statistics

General Stats
  • This quiz has been taken 13 times
  • The average score is 5 of 18
Answer Stats
Place Team MVP Awards % Correct
1. Bayern Munich 13
100%
2. Eintracht Frankfurt 12
75%
2. Bayer Leverkusen 12
67%
8. Borussia Dortmund 9
33%
18. Holstein Kiel 3
33%
4. FSV Mainz 05 11
25%
8. RB Leipzig 9
25%
11. SC Freiburg 6
25%
12. St. Pauli 5
25%
6. VfB Stuttgart 10
25%
6. VfL Wolfsburg 10
25%
4. Werder Bremen 11
25%
12. Union Berlin 5
17%
10. Borussia M‘Gladbach 8
8%
17. FC Augsburg 4
8%
12. Heidenheim 5
8%
12. Hoffenheim 5
8%
12. VfL Bochum 5
8%
No matching quizzes found
Score Distribution
Percent of People with Each Score
Percentile by Number Answered
Your Score History
You have not taken this quiz